00967nam a2200265 i 4500003000900000005001700009007000300026008004100029040003000070082001900100100005000119245010700169264004800276300003200324336002700356337003400383338002800417490001600445500006400461590002700525910001400552942001400566952010400580999001700684DO-SdBNP20250613095434.0ta111121s199- dr c 000 0 spa d aDO-SdBNPbspacBNPHUerda 4axxxxbH7312221 aHolguín Veras, Miguel A.,d1927-200791392110aEduardo Brito :bAntonio Mesa, cuatro artículos acerca de la música /cMiguel A. Holguín Veras. aSanto Domingo :bEdiciones Holedi,c[19u?]. a108, 61 páginas ;c23 cm. atextobtxt2rdacontent asin mediación bn2rdamedia avolumenbnc2rdacarrier0 aSemblanzas  aDos obras encuadernadas juntas con paginación invertida.  aInventariado, 2022/ YL aYLockward 2ddccLBS1 00102ddc51708PDaBNPHUbBNPHUcCTd2020-01-07eLuis Tomas Oviedoo p35968-10r2020-06-25yLBS1 c35459d35459